Sociology of the administrative elite (Record no. 355443)

000 -LEADER
fixed length control field 00518cam a22001577a 4500
008 - FIXED-LENGTH DATA ELEMENTS--GENERAL INFORMATION
fixed length control field 180718b1989 xxu||||| |||| 00| 0 eng d
082 ## - DEWEY DECIMAL CLASSIFICATION NUMBER
Classification number F5x5413 T326/pt.2
100 ## - MAIN ENTRY--PERSONAL NAME
Personal name Thakur, R.N.
245 ## - TITLE STATEMENT
Title Sociology of the administrative elite
Statement of responsibility, etc. by R.N. Thakur
260 ## - PUBLICATION, DISTRIBUTION, ETC.
Place of publication, distribution, etc. New Delhi
Name of publisher, distributor, etc. Achives Books
Date of publication, distribution, etc. 1989
300 ## - PHYSICAL DESCRIPTION
Extent 202p
650 ## - SUBJECT ADDED ENTRY--TOPICAL TERM
Topical term or geographic name entry element India --Officials and employees
650 ## - SUBJECT ADDED ENTRY--TOPICAL TERM
Topical term or geographic name entry element Bihar (India) --Officials and employees
650 ## - SUBJECT ADDED ENTRY--TOPICAL TERM
Topical term or geographic name entry element Elite (Social sciences) --India
650 ## - SUBJECT ADDED ENTRY--TOPICAL TERM
Topical term or geographic name entry element Elite (Social sciences) --India --Bihar
Holdings
Withdrawn status Lost status Damaged status Not for loan Permanent Location Current Location Date acquired Full call number Barcode Date last seen Price effective from Koha item type
        Indian Institute of Public Administration Indian Institute of Public Administration 1993-12-18 F5x5413 T326/pt.2 65050 2018-07-21 2018-07-21 Book
        Indian Institute of Public Administration Indian Institute of Public Administration 2009-10-23 F5x5413 T326/pt.1 65049 2018-07-21 2018-07-21 Book

Powered by Koha